Serena Williams - Grand Slam losses (tennis) - Statistics

General Stats
  • This quiz has been taken 462 times
    121 since last reset
  • The average score is 30 of 50
Answer Stats
Tournament Round Player % Correct
Wimbledon 2004 Final Maria Sharapova
90%
Wimbledon 2000 1/2 final Venus Williams
90%
US Open 2001 Final Venus Williams
90%
US Open 2005 4th round Venus Williams
90%
Wimbledon 2008 Final Venus Williams
90%
Australian Open 2016 Final Angelique Kerber
86%
Wimbledon 2018 Final Angelique Kerber
86%
US Open 2018 Final Naomi Osaka
85%
Australian Open 2021 1/2 final Naomi Osaka
85%
Wimbledon 2019 Final Simona Halep
85%
Roland Garros 2003 1/2 final Justine Henin
82%
Roland Garros 2007 1/4 final Justine Henin
82%
Wimbledon 2007 1/4 final Justine Henin
82%
US Open 2007 1/4 final Justine Henin
82%
US Open 2020 1/2 final Victoria Azarenka
80%
US Open 2009 1/2 final Kim Clijsters
79%
US Open 2000 1/4 final Lindsay Davenport
77%
Australian Open 2001 1/4 final Martina Hingis
75%
Roland Garros 2014 2nd round Garbiñe Muguruza
71%
Roland Garros 2016 Final Garbiñe Muguruza
71%
US Open 2019 Final Bianca Andreescu
69%
Roland Garros 2001 1/4 final Jennifer Capriati
66%
Wimbledon 2001 1/4 final Jennifer Capriati
66%
Roland Garros 2004 1/4 final Jennifer Capriati
66%
US Open 2004 1/4 final Jennifer Capriati
66%
Roland Garros 2010 1/4 final Samantha Stosur
63%
US Open 2011 Final Samantha Stosur
63%
US Open 2006 4th round Amélie Mauresmo
61%
US Open 2015 1/2 final Roberta Vinci
61%
Australian Open 2014 4th round Ana Ivanović
60%
Roland Garros 2009 1/4 final Svetlana Kuznetsova
55%
Australian Open 2008 1/4 final Jelena Janković
54%
Australian Open 2019 1/4 final Karolina Plíšková
54%
US Open 2016 1/2 final Karolina Plíšková
53%
Wimbledon 2011 4th round Marion Bartoli
53%
Australian Open 2013 1/4 final Sloane Stephens
53%
Wimbledon 2013 4th round Sabine Lisicki
47%
French Open 2021 4th round Elena Rybakina
45%
US Open 2022 3rd round Ajla Tomljanović
44%
Roland Garros 2019 3rd round Sofia Kenin
43%
Wimbledon 2014 3rd round Alizé Cornet
35%
Wimbledon 2022 1st round Harmony Tan
31%
Roland Garros 2012 1st round Virginie Razzano
31%
Wimbledon 2021 1st round Aliaksandra Sasnovich
22%
Australian Open 2006 3rd round Daniela Hantuchová
21%
Australian Open 2012 4th round Ekaterina Makarova
20%
Australian Open 2020 3rd round Wang Qiang
20%
Roland Garros 2008 3rd round Katarina Srebotnik
9%
Wimbledon 2005 3rd round Jill Craybas
6%
Australian Open 2000 4th round Elena Likhovtseva
4%
No matching quizzes found
Score Distribution
Percent of People with Each Score
Percentile by Number Answered
Your Score History
You have not taken this quiz since the last reset